| 000 | 00802nam a2200181 i 4500 | ||
|---|---|---|---|
| 001 | 25271 | ||
| 003 | ES-MaACL | ||
| 005 | 20230906153227.0 | ||
| 007 | t| | ||
| 008 | 021223s1908 sp ||||1| spa d | ||
| 100 | 1 |
_aAranaz e Izaguirre, Ricardo. _922268 |
|
| 245 | 1 | 3 |
_aLa industria militar de las pólvoras y explosivos modernos _b: Conferencia dada... en el Congreso Científico Nacional celebrado en Zaragoza en octubre de 1908 por la Asociación Española para el progreso de las Ciencias / _cpor... Ricardo Aranaz e Izaguirre. |
| 260 |
_aGranada : _b[s.n.], _c1908 ( _fTip. de la Fábrica de Pólvoras y Explosivos) |
||
| 300 |
_a4 h., 97 p. : _blám. ; _c23 cm. |
||
| 650 | 4 |
_aIndustria de los explosivos. _9155451 |
|
| 650 | 4 |
_aPólvora- _xFabricación. _9136795 |
|
| 852 |
_aES-MaACL _jT-1162-F-5 |
||
| 999 |
_c25271 _d25271 |
||